Praktikum in Werkstoffkunde : Skriptum für Ingenieure, Metall-und Werkstoffkundler, Werkstoffwissenschaftler, Eisenhüttenleute, Fertigungs-und Umformtechniker /

Enregistré dans:
Détails bibliographiques
Auteur principal: Macherauch, Eckard (Auteur)
Format: Livre
Langue:allemand
Publié: Braunschweig-Wiesbaden : Friedr.Vieweg & Sohn, 1972
Sujets:
Tags: Ajouter un tag
Pas de tags, Soyez le premier à ajouter un tag!

MARC

LEADER 00000nam a22000003a 4500
001 stu160326
005 20150617225959.3
008 080325s1972----gw------------------ger-d
040 |a STU  |b slo 
041 0 |a ger 
044 |a gw 
080 |a 620.22 
100 1 |a Macherauch, Eckard  |4 aut 
245 1 |a Praktikum in Werkstoffkunde :  |b Skriptum für Ingenieure, Metall-und Werkstoffkundler, Werkstoffwissenschaftler, Eisenhüttenleute, Fertigungs-und Umformtechniker /  |c [aut.]Eckard Macherauch 
260 |a Braunschweig-Wiesbaden :  |b Friedr.Vieweg & Sohn,  |c 1972 
300 |a 350 s 
650 7 |a materiály  |2 stusub 
996 |b E43040  |c E*43040  |l EE05  |s P  |a 0  |w stu160326_0001